000 004110000a22001690004500
999 _c48078
_d48078
001 877
003 CO-MdFUSB
005 20180226142858.0
008 180226b xxu||||| |||| 00| 0 eng d
020 _a0-590-30265-5
040 _cCO-MdBIC
082 0 4 _a620 Sch83q
245 1 0 _aCharlie Browns Third Super Book of questions and answers
260 _aNew York : Scholastic
300 _a145 P.
942 _cLGB